UBT Library

Antologji e Lirikës Popullore Shqiptare (Record no. 60957)

000 -LEADER
fixed length control field 00316nam a22001337a 4500
008 - FIXED-LENGTH DATA ELEMENTS--GENERAL INFORMATION
fixed length control field 260331b ||||| |||| 00| 0 eng d
020 ## - INTERNATIONAL STANDARD BOOK NUMBER
International Standard Book Number 9989114153
041 ## - LANGUAGE CODE
Language code of text/sound track or separate title eng
080 ## - UNIVERSAL DECIMAL CLASSIFICATION NUMBER
Universal Decimal Classification number 121.1
100 ## - Rafti
Rafti 25
101 ## - Shkurtesa
Shkurtesa Antologji
245 ## - TITLE STATEMENT
Title Antologji e Lirikës Popullore Shqiptare
Statement of responsibility, etc Nuhi Vinca
942 ## - ADDED ENTRY ELEMENTS (KOHA)
Source of classification or shelving scheme
Item type Books
Holdings
Withdrawn status Lost status Source of classification or shelving scheme Damaged status Not for loan Collection code Permanent location Current location Date acquired Total Checkouts Barcode Date last seen Price effective from Koha item type
          Koleksioni i përgjithshem UBT - Lipjan UBT - Lipjan 03/31/2026   003-800070999542 03/31/2026 03/31/2026 Books
          Koleksioni i përgjithshem UBT - Lipjan UBT - Lipjan 03/31/2026   003-800070999543 03/31/2026 03/31/2026 Books
          Koleksioni i përgjithshem UBT - Lipjan UBT - Lipjan 03/31/2026   003-800070999544 03/31/2026 03/31/2026 Books
          Koleksioni i përgjithshem UBT - Lipjan UBT - Lipjan 03/31/2026   003-800070999545 03/31/2026 03/31/2026 Books
          Koleksioni i përgjithshem UBT - Lipjan UBT - Lipjan 03/31/2026   003-800070999546 03/31/2026 03/31/2026 Books
          Koleksioni i përgjithshem UBT - Lipjan UBT - Lipjan 03/31/2026   003-800070999547 03/31/2026 03/31/2026 Books
          Koleksioni i përgjithshem UBT - Lipjan UBT - Lipjan 03/31/2026   003-800070999548 03/31/2026 03/31/2026 Books
          Koleksioni i përgjithshem UBT - Lipjan UBT - Lipjan 03/31/2026   003-800070999549 03/31/2026 03/31/2026 Books
          Koleksioni i përgjithshem UBT - Lipjan UBT - Lipjan 03/31/2026   003-800070999550 03/31/2026 03/31/2026 Books
          Koleksioni i përgjithshem UBT - Lipjan UBT - Lipjan 03/31/2026   003-800070999551 03/31/2026 03/31/2026 Books
          Koleksioni i përgjithshem UBT - Lipjan UBT - Lipjan 03/31/2026   003-800070999552 03/31/2026 03/31/2026 Books
          Koleksioni i përgjithshem UBT - Lipjan UBT - Lipjan 03/31/2026   003-800070999553 03/31/2026 03/31/2026 Books
          Koleksioni i përgjithshem UBT - Lipjan UBT - Lipjan 03/31/2026   003-800070999554 03/31/2026 03/31/2026 Books
          Koleksioni i përgjithshem UBT - Lipjan UBT - Lipjan 03/31/2026   003-800070999555 03/31/2026 03/31/2026 Books
          Koleksioni i përgjithshem UBT - Lipjan UBT - Lipjan 03/31/2026   003-800070999556 03/31/2026 03/31/2026 Books
          Koleksioni i përgjithshem UBT - Lipjan UBT - Lipjan 03/31/2026   003-800070999557 03/31/2026 03/31/2026 Books
          Koleksioni i përgjithshem UBT - Lipjan UBT - Lipjan 03/31/2026   003-800070999558 03/31/2026 03/31/2026 Books
UBT Library © 2015-2024. All rights reserved University Education for Business and Technology